Statistics for OskarRB's 30 all-time most listened artists - Spotify

Click here to take the quiz!

General Stats

  • This quiz has been taken 13 times
    (3 since last reset)
  • The average score is 4 of 30

Answer Stats

#Favorite SongNationalityArtist% Correct
24Don't Leave Me
BTS
100%
10Dura - Remix
Daddy Yankee
100%
3Hasta Que Dios Diga
Bad Bunny
33%
8Nadie - Remix
Farruko
33%
2LA CANCIÓN
J Balvin
33%
25Cúrame
Prince Royce
33%
20Fantasias
Rauw Alejandro
33%
6China
Anuel AA
0%
14Cuendo Te Besé
Becky G
0%
21Voy Por Ti
Cali Y El Dandee
0%
5Pretend
CNCO
0%
30Te Duele
Gente De Zona
0%
12JU1Y
Gentle Bones
0%
11Medusa
Jhay Cortez
0%
16Follow
KAROL G
0%
29BDK
KESI
0%
18Soltera - Remix
Lunay
0%
13El Préstamo
Maluma
0%
7Te Quemaste
Manuel Turizo
0%
4Long Day
Matchbox Twenty
0%
17La Boca
Mau y Ricky
0%
28Si Se Da
Myke Towers
0%
9Si Tú La Ves
Nicky Jam
0%
1Síguelo Bailando
Ozuna
0%
27Calma - Remix
Pedro Capó
0%
26Déjala Que Vuelva
Piso 21
0%
19Si Me Dices Que Sí
Reik
0%
23Latina
Reykon
0%
15TBT
Sebastian Yatra
0%
22Relación
Sech
0%

Score Distribution

Percentile by Number Answered

Percent of People with Each Score

Your Score History

You have not taken this quiz since the last reset